| 000 | 00740nam a22002657a 4500 | ||
|---|---|---|---|
| 003 | CHAP | ||
| 005 | 20220329135003.0 | ||
| 008 | 971013c19471942 r 00010 d | ||
| 010 | _a29115 | ||
| 011 | _a30087 | ||
| 035 | _a34199 | ||
| 040 | _cCHAP | ||
| 082 |
_a658.8 _bM25 |
||
| 100 | 0 | 0 |
_aMcNair, Malcolm P. _973719 |
| 245 | _aProblems in merchandise distribution | ||
| 260 |
_aNew York : _bMcGraw-Hill, _c1947 (c.1942) |
||
| 300 | _a726 p | ||
| 590 |
_aBATCH-UPD _b10 _c20130110 _lUCH01 _h0328 |
||
| 590 |
_aBATCH-UPD _b10 _c20130110 _lUCH01 _h1823 |
||
| 590 |
_aCONVERSION _b10 _c20130109 _lUCH01 _h1317 |
||
| 650 | 1 | 4 |
_aMercados. _974925 |
| 901 | _aBK | ||
| 942 | _cLIBRO | ||
| 949 |
_a658.8 M25 _bBC _cBPA _d-79277 _eBPA _h25164 _i34199 _si |
||
| 999 |
_c29115 _d29115 |
||